000 00339nam a2200145Ia 4500
008 230312s9999||||xx |||||||||||||| ||und||
020 _a93-325-5531-0
082 _a005.96
_bDEI-H
100 _aH.R;Ekbia
245 0 _aArtificial Dreams
260 _bPearson
_aIndia
_c2017
300 _a947
650 _aComputer
_vComputer
942 _cBK
999 _c15252
_d15252